01487nam a2200373Ia 4500001001200000003000800012006001900020007001500039008004100054010001700095020002800112020003500140020001500175040002100190035002000211050002400231082001900255100002400274245013100298260004000429300002400469490002100493504006400514533015200578650005500730650004900785650003700834650003100871655002900902710001700931830002200948856012600970999001701096ebr10017353CaPaEBRm u cr cn|||||||||980114s1998 waub sb s001 0 eng d z 98012125  z0295977124 (alk. paper) z0295977132 (pbk. : alk. paper) z1857288386 aCaPaEBRcCaPaEBR a(OCoLC)7073423914aJV6032b.V36 1998eb04a325/.09/042211 aVan Hear, Nicholas.10aNew diasporash[electronic resource] :bthe mass exodus, dispersal and regrouping of migrant communities /cNicholas Van Hear. aSeattle, Wash. :bUCL Press,c1998. axv, 298 p. :bmaps.1 aGlobal diasporas aIncludes bibliographical references (p. 265-283) and index. aElectronic reproduction.bPalo Alto, Calif. :cebrary,d2013.nAvailable via World Wide Web.nAccess may be limited to ebrary affiliated libraries. 0aEmigration and immigrationxHistoryy20th century. 0aPopulation geographyxHistoryy20th century. 0aRefugeesxHistoryy20th century. 0aWorld politicsy1945-1989. 7aElectronic books.2local2 aebrary, Inc. 0aGlobal diasporas.40uhttp://site.ebrary.com/lib/rucke/Doc?id=10017353zAn electronic book accessible through the World Wide Web; click to view c12666d12666